[Event "Bucharest Grand Prix"]
[Site "Bucharest"]
[Date "2023.04.29"]
[Round "2"]
[White "Albu, George"]
[Black "Nanu, Ciprian Costica"]
[Result "0-1"]
[WhiteElo "2029"]
[BlackElo "2524"]
[PlyCount "118"]
[EventDate "2023.04.29"]
[EventType "swiss (rapid)"]
[EventRounds "10"]
[EventCountry "ROU"]
[SourceTitle "CBM 213 Extra"]
[Source "ChessBase"]
[SourceDate "2023.05.31"]
[SourceVersion "1"]
[SourceVersionDate "2023.05.31"]
[SourceQuality "1"]

1. d4 d5 2. c4 dxc4 3. e3 Nf6 4. Nf3 e6 5. Bxc4 c5 6. 0-0 cxd4 7. exd4 Nc6 8. Nc3 Be7 9. Re1 0-0 10. a3 b6 11. Bg5 Bb7 12. Qd3 Na5 13. Ba2 Bxf3 14. Qxf3 Qxd4 15. Rad1 Qc5 16. Bxf6 Bxf6 17. Ne4 Qe7 18. b4 Nb7 19. Nxf6+ gxf6 20. Bd5 Rab8 21. Bc6 Nd8 22. Rd7 Nxc6 23. Rxe7 Nxe7 24. Qxf6 Nd5 25. Qg5+ Kh8 26. Qe5+ Kg8 27. Re4 Rfd8 28. h4 Rbc8 29. f4 Ne7 30. Qg5+ Kf8 31. Qh6+ Kg8 32. Qf6 Nd5 33. Qg5+ Kh8 34. Qe5+ Kg8 35. f5 exf5 36. Qxf5 h6 37. Rg4+ Kf8 38. Rd4 Ne3 39. Rxd8+ Rxd8 40. Qf4 Rd1+ 41. Kh2 Nf1+ 42. Kh3 Rd3+ 43. Kg4 Ne3+ 44. Kh5 Rd5+ 45. Kxh6 Nf5+ 46. Kh7 Ng7 47. g4 Ne8 48. g5 Rd6 49. h5 Ke7 50. Qe4+ Kf8 51. Qf4 Ke7 52. g6 Nf6+ 53. Kh6 Rd5 54. Qe3+ Kf8 55. g7+ Kg8 56. Qf3 Rxh5+ 57. Qxh5 Nxh5 58. Kxh5 Kxg7 59. Kg5 b5 0-1

[Event "ROM-ch Amateurs"]
[Site "Sebes"]
[Date "2023.02.22"]
[Round "2"]
[White "Albu, George"]
[Black "Rusu, Lucas"]
[Result "1-0"]
[WhiteElo "2079"]
[BlackElo "1625"]
[PlyCount "187"]
[EventDate "2023.02.21"]
[EventType "swiss"]
[EventRounds "9"]
[EventCountry "ROU"]
[SourceTitle "CBM 213 Extra"]
[Source "ChessBase"]
[SourceDate "2023.05.31"]
[SourceVersion "1"]
[SourceVersionDate "2023.05.31"]
[SourceQuality "1"]

1. d4 Nf6 2. c4 g6 3. Nc3 d5 4. cxd5 Nxd5 5. e4 Nxc3 6. bxc3 Bg7 7. Be3 c5 8. Rc1 Qa5 9. Qd2 Nc6 10. d5 Ne5 11. h3 0-0 12. f4 Nd7 13. c4 Qc7 14. Nf3 b6 15. Bd3 Bb7 16. 0-0 Rfe8 17. e5 Rad8 18. Qc2 Nf8 19. a4 e6 20. d6 Qd7 21. a5 Bc6 22. Rb1 Rb8 23. Be4 Qc8 24. g4 Nd7 25. axb6 axb6 26. g5 Qb7 27. Bxc6 Qxc6 28. Rb5 Ra8 29. Kf2 Ra6 30. Rfb1 Rea8 31. Bd2 Ra3 32. R5b3 R3a4 33. Qd3 Ra2 34. Ke3 R2a4 35. Rc1 Kf8 36. Qe4 Qxe4+ 37. Kxe4 Ke8 38. Kd3 Kd8 39. Bc3 Ra2 40. Nd2 Kc8 41. Rcb1 Kb7 42. h4 Rh8 43. Rh1 h6 44. gxh6 Bxh6 45. Ke4 Ra4 46. Kf3 Bg7 47. Kg4 Rh5 48. Re1 Rh8 49. Re4 Ra2 50. Nf3 Bh6 51. Kg3 Rg8 52. Re1 Ra4 53. Nd2 Rh8 54. Bb2 Rh7 55. Rc1 Rh8 56. Rc2 Rh7 57. Rf3 Ra2 58. Ne4 Rh8 59. Rff2 Ra4 60. Kf3 Bg7 61. Rh2 Raa8 62. Ng5 Raf8 63. Kg4 Rh5 64. Rce2 Bh6 65. Ne4 Bg7 66. Ng3 Rhh8 67. h5 gxh5+ 68. Nxh5 Rfg8 69. Kf3 Rh7 70. Ng3 Rgh8 71. Rxh7 Rxh7 72. Ne4 Rh8 73. Ng5 b5 74. cxb5 Rf8 75. Rh2 c4 76. Bd4 Ra8 77. Rh7 Ra3+ 78. Ke2 Bxe5 79. fxe5 Rd3 80. Rxf7 Rxd4 81. Rxd7+ Kb6 82. Rc7 Rd5 83. Rxc4 Rxe5+ 84. Ne4 Rxb5 85. Rd4 Rd5 86. Rxd5 exd5 87. Nf6 Kc6 88. d7 Kc7 89. Kd3 Kd8 90. Kd4 Ke7 91. Kxd5 Kd8 92. Kc6 Ke7 93. Kc7 Kxf6 94. d8Q+ 1-0

[Event "ROM-ch Amateurs"]
[Site "Sebes"]
[Date "2023.02.22"]
[Round "3"]
[White "Cirlan, Ionut Gheorghe"]
[Black "Albu, George"]
[Result "1/2-1/2"]
[WhiteElo "1783"]
[BlackElo "2079"]
[PlyCount "151"]
[EventDate "2023.02.21"]
[EventType "swiss"]
[EventRounds "9"]
[EventCountry "ROU"]
[SourceTitle "CBM 213 Extra"]
[Source "ChessBase"]
[SourceDate "2023.05.31"]
[SourceVersion "1"]
[SourceVersionDate "2023.05.31"]
[SourceQuality "1"]

1. d4 Nf6 2. c4 g6 3. Nc3 Bg7 4. e4 d6 5. f3 0-0 6. Be3 c6 7. Qd2 a6 8. h4 b5 9. Bd3 Nbd7 10. Nge2 bxc4 11. Bxc4 d5 12. exd5 Nb6 13. Bb3 cxd5 14. 0-0 a5 15. a3 Ba6 16. Rfe1 Ne8 17. Bh6 Nd6 18. Bxg7 Kxg7 19. Nf4 e6 20. Rxe6 Ndc4 21. Qf2 Qb8 22. Bxc4 dxc4 23. Re4 Nd7 24. Nfd5 Qd6 25. Ree1 Rab8 26. Rad1 Rb3 27. Rd2 Rd8 28. Ne3 Nf6 29. Ne4 Nxe4 30. fxe4 c3 31. bxc3 Rxc3 32. e5 Qe7 33. d5 Rxa3 34. Ng4 Ra4 35. Rd4 Rb4 36. Rxb4 axb4 37. Qd4 h5 38. Nf6 b3 39. Ra1 Rb8 40. d6 Qe6 41. d7 Bc4 42. d8Q Rxd8 43. Qxd8 Qxe5 44. Ne8+ Kh7 45. Nf6+ Kg7 46. Ne8+ Kh7 47. Rd1 b2 48. Nf6+ Kg7 49. Qg8+ Kxf6 50. Qh8+ Kf5 51. Qxe5+ Kxe5 52. Rb1 Kf4 53. Rxb2 Be6 54. Kf2 Kg4 55. Rb4+ Kf5 56. Kg3 Bd5 57. Rf4+ Ke5 58. Ra4 Be4 59. Ra5+ Bd5 60. Kf2 Ke4 61. Ra4+ Kf5 62. g3 Be4 63. Ke3 Bc2 64. Rf4+ Ke6 65. Rc4 Bb3 66. Rb4 Ba2 67. Kf4 Kf6 68. Rb6+ Be6 69. Ra6 Kg7 70. Ra7 Kf6 71. Ra6 Kg7 72. Ke5 Bb3 73. Rb6 Ba2 74. Rb7 Be6 75. Re7 Bb3 76. Rb7 1/2-1/2

[Event "ROM-ch Amateurs"]
[Site "Sebes"]
[Date "2023.02.21"]
[Round "1"]
[White "Dinca, Gheorghe"]
[Black "Albu, George"]
[Result "0-1"]
[WhiteElo "1356"]
[BlackElo "2079"]
[PlyCount "96"]
[EventDate "2023.02.21"]
[EventType "swiss"]
[EventRounds "9"]
[EventCountry "ROU"]
[SourceTitle "CBM 213 Extra"]
[Source "ChessBase"]
[SourceDate "2023.05.31"]
[SourceVersion "1"]
[SourceVersionDate "2023.05.31"]
[SourceQuality "1"]

1. d4 Nf6 2. f4 b6 3. e3 Bb7 4. Nf3 g6 5. Bd3 Ne4 6. Nbd2 f5 7. 0-0 Bg7 8. c3 Nxd2 9. Bxd2 e6 10. Qe2 0-0 11. e4 fxe4 12. Bxe4 Qc8 13. Bxb7 Qxb7 14. Rae1 a6 15. h3 b5 16. a3 Qd5 17. Bc1 Nc6 18. Ne5 Ne7 19. Qe4 Qxe4 20. Rxe4 Rfd8 21. Nd3 Nf5 22. Kh2 a5 23. g4 Nd6 24. Re2 Rab8 25. b3 b4 26. axb4 axb4 27. Nxb4 Bxd4 28. Bd2 Bg7 29. Rb1 Rb6 30. c4 Nxc4 31. bxc4 c5 32. Nd3 Rxb1 33. Nxc5 Rb2 34. Rg2 Rc2 35. Nb7 Rb8 36. Nc5 Rbb2 37. Nd3 Rxd2 38. Nxb2 Rxg2+ 39. Kxg2 Bxb2 40. Kf3 d5 41. c5 Ba3 42. c6 Bd6 43. g5 Kf7 44. h4 Ke7 45. Kg4 Kd8 46. h5 Kc7 47. hxg6 hxg6 48. Kf3 Kxc6 0-1

[Event "ROM-ch U20"]
[Site "Mamaia"]
[Date "2021.04.09"]
[Round "3"]
[White "Albu, George"]
[Black "Olariu, Luca Stefan"]
[Result "1/2-1/2"]
[WhiteElo "2050"]
[BlackElo "2144"]
[PlyCount "125"]
[EventDate "2021.04.07"]
[EventType "swiss"]
[EventRounds "9"]
[EventCountry "ROU"]
[SourceTitle "EXT 2022"]
[Source "ChessBase"]
[SourceDate "2021.10.06"]
[SourceVersion "1"]
[SourceVersionDate "2021.10.06"]
[SourceQuality "1"]

1. d4 Nf6 2. c4 e6 3. Nc3 Bb4 4. f3 c5 5. d5 d6 6. e4 0-0 7. Bd2 exd5 8. cxd5 Re8 9. Nge2 Nbd7 10. Ng3 Ne5 11. Be2 c4 12. Be3 Qa5 13. 0-0 Bc5 14. Qd2 h5 15. Nh1 Bd7 16. Bd4 Rac8 17. a4 Qb6 18. Rfd1 Nd3 19. Bxc5 Nxc5 20. Qd4 Qb4 21. Qxc4 Qxb2 22. Rab1 Qa3 23. Qb4 Qxb4 24. Rxb4 a5 25. Rbd4 Nb3 26. R4d3 Rc7 27. Rb1 Nc5 28. Rd4 Rec8 29. Nb5 Bxb5 30. Bxb5 h4 31. g3 Ncd7 32. f4 Rc1+ 33. Rd1 Rxb1 34. Rxb1 Nc5 35. e5 dxe5 36. fxe5 Nxd5 37. Rc1 b6 38. Nf2 hxg3 39. hxg3 Rc7 40. Rd1 Nc3 41. Rd8+ Kh7 42. Be8 N3xa4 43. Nh3 Ne6 44. Rd6 Nac5 45. Rxb6 Re7 46. Bc6 a4 47. Bd5 Ra7 48. Rb2 Kh6 49. Nf2 Nd4 50. Ng4+ Kg5 51. Ne3 a3 52. Ra2 Nb5 53. Rc2 Na4 54. Rf2 Nac3 55. Bxf7 Nd4 56. Ba2 Nde2+ 57. Kg2 Nxa2 58. Rxe2 Nc1 59. Re1 a2 60. Nc2 a1Q 61. Nxa1 Rxa1 62. e6 Ra2+ 63. Kf1 1/2-1/2

[Event "EU-ch Online U2300 Qual"]
[Site "Chess.com INT"]
[Date "2020.05.25"]
[Round "3"]
[White "Pogorelov, Igor"]
[Black "Albu, George"]
[Result "0-1"]
[WhiteElo "2129"]
[BlackElo "2142"]
[PlyCount "128"]
[EventDate "2020.05.25"]
[EventType "swiss"]
[EventRounds "8"]
[EventCountry "NET"]
[SourceTitle "EXT 2021"]
[Source "ChessBase"]
[SourceDate "2020.10.23"]
[SourceVersion "1"]
[SourceVersionDate "2020.10.23"]
[SourceQuality "1"]

1. Nf3 Nf6 2. c4 g6 3. b3 Bg7 4. Bb2 0-0 5. g3 c5 6. Bg2 Nc6 7. 0-0 d6 8. d4 cxd4 9. Nxd4 Nxd4 10. Bxd4 Qc7 11. Nc3 e6 12. Nb5 Qb8 13. Rc1 Rd8 14. Be5 Ne8 15. Bxg7 Nxg7 16. e4 a6 17. Nd4 Bd7 18. Qe2 b5 19. e5 Ra7 20. exd6 bxc4 21. bxc4 Qxd6 22. Rfd1 Ba4 23. Nb3 Qe7 24. Rxd8+ Qxd8 25. Nc5 Qa5 26. Nxa4 Qxa4 27. c5 Rc7 28. Qe5 Qa5 29. Qd6 Nf5 30. Qd8+ Kg7 31. g4 Ne7 32. Qd4+ f6 33. g5 Ng8 34. gxf6+ Nxf6 35. Qd6 Kf7 36. c6 Ne8 37. Qd4 Qxa2 38. Qf4+ Ke7 39. Qg5+ Kf8 40. Rd1 Rf7 41. Qc5+ Kg7 42. Rd7 Qb1+ 43. Bf1 Qb8 44. h3 Qc8 45. Qe5+ Kg8 46. Rxf7 Kxf7 47. Bg2 Qc7 48. Qe2 a5 49. Qb5 Ke7 50. Qc5+ Kf7 51. Be4 Nf6 52. Bc2 Nd5 53. Bb3 Ne7 54. Ba4 h5 55. Kg2 Kf6 56. Qc3+ Qe5 57. Qf3+ Qf5 58. Qc3+ e5 59. c7 Qe4+ 60. f3 Qxa4 61. c8Q Nxc8 62. Qxc8 Qa2+ 63. Kg3 Qe6 64. Qc4 Qxc4 0-1

[Event "Romania blitz online op final"]
[Site "Chess.com INT"]
[Date "2020.05.06"]
[Round "8"]
[White "Pavel, Sebastian Ionut"]
[Black "Albu, George"]
[Result "1-0"]
[WhiteElo "2183"]
[BlackElo "2142"]
[PlyCount "71"]
[EventDate "2020.05.06"]
[EventType "swiss (blitz)"]
[EventRounds "9"]
[EventCountry "ROU"]
[SourceTitle "CBM 196 Extra"]
[Source "ChessBase"]
[SourceDate "2020.07.31"]
[SourceVersion "1"]
[SourceVersionDate "2020.07.31"]
[SourceQuality "1"]

1. e4 c5 2. Nf3 e6 3. d4 cxd4 4. Nxd4 Nf6 5. Nc3 Nc6 6. Ndb5 Bb4 7. Nd6+ Ke7 8. Nxc8+ Rxc8 9. Bd3 Ne5 10. 0-0 h5 11. h3 Kf8 12. Bd2 d6 13. f4 Nc4 14. Rb1 h4 15. Kh2 Nxd2 16. Qxd2 Qc7 17. Qf2 b6 18. Nb5 Qb8 19. c3 Bc5 20. Qf3 a6 21. Nd4 b5 22. b4 Bb6 23. Rbc1 Nh5 24. a4 Bxd4 25. cxd4 bxa4 26. Bxa6 Rxc1 27. Rxc1 Ke7 28. b5 g6 29. e5 d5 30. Qa3+ Kd7 31. Rc6 Nxf4 32. Rd6+ Ke8 33. Rc6 Kd7 34. Qc5 Rd8 35. b6 Ke8 36. Rc7 1-0

[Event "Romania rapid online op final"]
[Site "Chess.com INT"]
[Date "2020.05.01"]
[Round "6"]
[White "Albu, George"]
[Black "Ognean, Mihnea Ionut"]
[Result "0-1"]
[WhiteElo "2142"]
[BlackElo "2298"]
[PlyCount "112"]
[EventDate "2020.05.01"]
[EventType "swiss (rapid)"]
[EventRounds "7"]
[EventCountry "ROU"]
[SourceTitle "CBM 196 Extra"]
[Source "ChessBase"]
[SourceDate "2020.07.31"]
[SourceVersion "1"]
[SourceVersionDate "2020.07.31"]
[SourceQuality "1"]

1. d4 Nf6 2. c4 e6 3. Nc3 Bb4 4. e3 0-0 5. Bd3 d5 6. Nf3 b6 7. 0-0 Ba6 8. cxd5 exd5 9. Bxa6 Nxa6 10. Qa4 Qc8 11. a3 Bd6 12. b4 c6 13. b5 Nb8 14. bxc6 Qxc6 15. Qxc6 Nxc6 16. a4 Na5 17. Nb5 Be7 18. Ne5 Rfc8 19. Ba3 Bxa3 20. Rxa3 Ne4 21. f3 Nd2 22. Rd1 Rc2 23. Nd6 f6 24. Rd3 Ndc4 25. Nexc4 Nxc4 26. Nxc4 Rxc4 27. Ra3 Kf7 28. a5 b5 29. a6 Rb8 30. Rb1 Rb6 31. Ra5 b4 32. Rxd5 Rxa6 33. Rb5 Ra2 34. R5xb4 Rcc2 35. d5 Rxg2+ 36. Kh1 Rxh2+ 37. Kg1 Rag2+ 38. Kf1 Rd2 39. Kg1 h5 40. Rb7+ Kg6 41. Rxa7 h4 42. Rb4 Rdg2+ 43. Kf1 h3 44. Rg4+ Rxg4 45. fxg4 Rd2 46. Kg1 Kg5 47. Rxg7+ Kh4 48. Kf1 Kg3 49. g5 h2 50. Rh7 fxg5 51. e4 Rd1+ 52. Ke2 h1Q 53. Rxh1 Rxh1 54. d6 Kf4 55. e5 Kxe5 56. d7 Rh8 0-1

[Event "Romania rapid online op final"]
[Site "Chess.com INT"]
[Date "2020.05.01"]
[Round "5"]
[White "Albu, George"]
[Black "Peptan, Corina Isabela"]
[Result "0-1"]
[WhiteElo "2142"]
[BlackElo "2392"]
[PlyCount "80"]
[EventDate "2020.05.01"]
[EventType "swiss (rapid)"]
[EventRounds "7"]
[EventCountry "ROU"]
[SourceTitle "CBM 196 Extra"]
[Source "ChessBase"]
[SourceDate "2020.07.31"]
[SourceVersion "1"]
[SourceVersionDate "2020.07.31"]
[SourceQuality "1"]

1. d4 d5 2. c4 dxc4 3. e3 Nf6 4. Nf3 e6 5. Bxc4 c5 6. 0-0 a6 7. a4 Nbd7 8. Nc3 Bd6 9. h3 0-0 10. Qe2 b6 11. Rd1 Qc7 12. b3 Bb7 13. Bb2 cxd4 14. Nxd4 Ne5 15. Bd3 Nxd3 16. Rxd3 Rad8 17. Rad1 Qe7 18. e4 Be5 19. Qe3 Qc7 20. g3 h6 21. Nde2 Rxd3 22. Rxd3 Nxe4 23. Nxe4 Bxb2 24. f3 Rd8 25. Qd2 Rxd3 26. Qxd3 Be5 27. Kf2 f5 28. Nd2 Bf6 29. Nc4 Bd5 30. Ne3 Qc5 31. Qxa6 Bxb3 32. Qd3 Bxa4 33. Qd2 Kh7 34. Kg2 Bc6 35. Nf4 e5 36. Nd3 Qb5 37. Nb2 e4 38. Nbc4 exf3+ 39. Kf2 Be4 40. g4 f4 0-1

[Event "Romania rapid online op final"]
[Site "Chess.com INT"]
[Date "2020.05.01"]
[Round "2"]
[White "Pavel, Sebastian Ionut"]
[Black "Albu, George"]
[Result "1-0"]
[WhiteElo "2183"]
[BlackElo "2142"]
[PlyCount "57"]
[EventDate "2020.05.01"]
[EventType "swiss (rapid)"]
[EventRounds "7"]
[EventCountry "ROU"]
[SourceTitle "CBM 196 Extra"]
[Source "ChessBase"]
[SourceDate "2020.07.31"]
[SourceVersion "1"]
[SourceVersionDate "2020.07.31"]
[SourceQuality "1"]

1. d4 Nf6 2. g4 Nxg4 3. e4 d5 4. Be2 h5 5. h3 Nf6 6. e5 Ng8 7. Nc3 Bf5 8. Nf3 e6 9. Be3 Nd7 10. Qd2 c5 11. 0-0-0 a6 12. Kb1 b5 13. dxc5 Nxc5 14. Nd4 Ne7 15. Ndxb5 Nc6 16. Nd4 Nxd4 17. Bxd4 Be7 18. Rhg1 g6 19. f4 Bxh3 20. Qe3 Qc7 21. Qxh3 Rb8 22. Ka1 Qa5 23. Nxd5 exd5 24. e6 Rg8 25. exf7+ Kxf7 26. Rxg6 Rxg6 27. Bxh5 Qb6 28. f5 Bf6 29. Bxg6+ 1-0

[Event "Arad op 12th"]
[Site "Arad"]
[Date "2019.07.31"]
[Round "9"]
[White "Albu, George"]
[Black "Daianu, Cristian Clement"]
[Result "1/2-1/2"]
[WhiteElo "2014"]
[BlackElo "2199"]
[PlyCount "167"]
[EventDate "2019.07.24"]
[EventType "swiss"]
[EventRounds "9"]
[EventCountry "ROU"]
[SourceTitle "CBM 191 Extra"]
[Source "ChessBase"]
[SourceDate "2019.09.30"]
[SourceVersion "1"]
[SourceVersionDate "2019.09.30"]
[SourceQuality "1"]

1. d4 Nf6 2. c4 g6 3. Nc3 d5 4. cxd5 Nxd5 5. e4 Nxc3 6. bxc3 Bg7 7. Be3 c5 8. Rc1 0-0 9. Qd2 cxd4 10. cxd4 b6 11. Bc4 Bb7 12. f3 e5 13. d5 Qd6 14. Ne2 Nd7 15. 0-0 Rac8 16. Rc2 f5 17. Rfc1 Nf6 18. Bd3 fxe4 19. fxe4 Rxc2 20. Rxc2 Ng4 21. h3 Nxe3 22. Qxe3 Rc8 23. Rxc8+ Bxc8 24. Qc1 Bd7 25. Kf1 Bf8 26. Ng1 Qf6+ 27. Ke2 Bc5 28. Nf3 Kg7 29. Qc3 Bd6 30. Ba6 Qf4 31. Qe3 Qg3 32. Qg5 Qxg5 33. Nxg5 h6 34. Nf3 Kf6 35. Kd3 g5 36. Nd2 h5 37. Nc4 Bc5 38. Nd2 g4 39. hxg4 hxg4 40. Nb3 Bg1 41. Nd2 Bc5 42. Ke2 Kg5 43. g3 Kf6 44. Nc4 b5 45. Na5 Ke7 46. Nc6+ Kd6 47. Bxb5 Bxc6 48. Bxc6 Ke7 49. Bb7 Kd8 50. Ke1 a5 51. Ba6 a4 52. Be2 Kc7 53. Bxg4 Kb6 54. Bd1 a3 55. Ke2 Bb4 56. Kf3 Be1 57. Kg4 Kc7 58. Kh3 Bd2 59. Kg4 Be1 60. Kf3 Kd6 61. Kg2 Ke7 62. Bg4 Kd6 63. Bf5 Kc5 64. g4 Bh4 65. Kf3 Be7 66. Ke3 Bg5+ 67. Kd3 Bf4 68. Kc3 Bg5 69. Kb3 Bc1 70. g5 Bxg5 71. Kxa3 Bd2 72. Kb3 Be1 73. Kc2 Ba5 74. Kd3 Be1 75. Ke3 Ba5 76. Kf3 Bd8 77. a4 Ba5 78. Kg4 Kd6 79. Kg5 Bb6 80. Be6 Ba5 81. Kf5 Bd8 82. Kg4 Ba5 83. Kf5 Bd8 84. Kg4 1/2-1/2

[Event "ROM-ch"]
[Site "Olanesti"]
[Date "2019.03.10"]
[Round "9"]
[White "Martian, Dragos Daniel"]
[Black "Albu, George"]
[Result "1-0"]
[WhiteElo "2228"]
[BlackElo "2011"]
[PlyCount "75"]
[EventDate "2019.03.02"]
[EventType "swiss"]
[EventRounds "9"]
[EventCountry "ROU"]
[SourceTitle "CBM 189 Extra"]
[Source "ChessBase"]
[SourceDate "2019.06.03"]
[SourceVersion "1"]
[SourceVersionDate "2019.06.03"]
[SourceQuality "1"]

1. e4 c5 2. Nf3 e6 3. d4 cxd4 4. Nxd4 Nf6 5. f3 h5 6. c4 d6 7. Nc3 a6 8. Be2 Nbd7 9. Be3 Qc7 10. 0-0 b6 11. Qd2 Bb7 12. a4 Rc8 13. a5 h4 14. Rfc1 Be7 15. axb6 Nxb6 16. b4 0-0 17. Bf1 Nfd7 18. Nb3 h3 19. Na5 hxg2 20. Qxg2 Ba8 21. Kh1 f5 22. Be2 Bf6 23. exf5 exf5 24. Nd5 Nxd5 25. cxd5 Bxa1 26. Rxc7 Rxc7 27. Nc6 f4 28. Qg6 Nf6 29. Bb6 Bxc6 30. Bxc7 Bxd5 31. Bxd6 Re8 32. Qc2 Be5 33. Bxe5 Rxe5 34. Qc8+ Kf7 35. Qxa6 Re3 36. Bc4 Rxf3 37. Bxd5+ Nxd5 38. Qc4 1-0

[Event "ROM-ch"]
[Site "Olanesti"]
[Date "2019.03.02"]
[Round "1"]
[White "Toma, Radu Cristian"]
[Black "Albu, George"]
[Result "1-0"]
[WhiteElo "2371"]
[BlackElo "2011"]
[PlyCount "49"]
[EventDate "2019.03.02"]
[EventType "swiss"]
[EventRounds "9"]
[EventCountry "ROU"]
[SourceTitle "CBM 189 Extra"]
[Source "ChessBase"]
[SourceDate "2019.06.03"]
[SourceVersion "1"]
[SourceVersionDate "2019.06.03"]
[SourceQuality "1"]

1. d4 Nf6 2. Nf3 g6 3. Bf4 Bg7 4. e3 d6 5. h3 0-0 6. Bd3 c6 7. 0-0 Nbd7 8. Nbd2 Re8 9. e4 e5 10. dxe5 dxe5 11. Be3 Bf8 12. c3 Bc5 13. Bg5 Be7 14. Bc4 Kg7 15. b4 a5 16. a3 Nh5 17. Be3 Qc7 18. a4 f6 19. Ba2 Nf8 20. Nc4 axb4 21. Nb6 Rb8 22. Nxc8 Rbxc8 23. Qb3 g5 24. Qf7+ Kh6 25. Nh2 1-0

[Event "Arad op 11th"]
[Site "Arad"]
[Date "2018.08.06"]
[Round "3"]
[White "Calin, Alexandru"]
[Black "Albu, George"]
[Result "1-0"]
[WhiteElo "2215"]
[BlackElo "2016"]
[PlyCount "73"]
[EventDate "2018.08.05"]
[EventType "swiss"]
[EventRounds "9"]
[EventCountry "ROU"]
[SourceTitle "CBM 185 Extra"]
[Source "ChessBase"]
[SourceDate "2018.07.29"]
[SourceVersion "1"]
[SourceVersionDate "2018.07.29"]
[SourceQuality "1"]

1. e4 c5 2. Be2 a6 3. f4 b5 4. Nf3 Bb7 5. d3 g6 6. Be3 Bg7 7. c3 Qc7 8. Nbd2 Nf6 9. Nh4 h6 10. 0-0 d6 11. Qe1 e6 12. Qf2 Nbd7 13. a4 d5 14. e5 Ng8 15. axb5 axb5 16. Nb3 Bf8 17. Rxa8+ Bxa8 18. d4 c4 19. Nc5 Nxc5 20. dxc5 Ne7 21. g4 Nc6 22. Bd4 Bg7 23. b4 Rg8 24. Nf3 Bb7 25. Bd1 Bc8 26. Bc2 Bd7 27. Kh1 Kd8 28. f5 exf5 29. gxf5 Nxe5 30. f6 Bxf6 31. c6 Bxc6 32. Bb6 d4 33. Qxd4+ Kc8 34. Bxc7 Nxf3 35. Qxf6 Nd4+ 36. Kg1 Ne6 37. Qxf7 1-0

[Event "ROM-ch U18"]
[Site "Calimanesti"]
[Date "2018.03.29"]
[Round "4"]
[White "Bobocea, Laurentiu Vlad"]
[Black "Albu, George"]
[Result "1/2-1/2"]
[WhiteElo "1753"]
[BlackElo "1974"]
[PlyCount "87"]
[EventDate "2018.03.27"]
[EventType "swiss"]
[EventRounds "9"]
[EventCountry "ROU"]
[SourceTitle "CBM 183 Extra"]
[Source "ChessBase"]
[SourceDate "2018.04.19"]
[SourceVersion "1"]
[SourceVersionDate "2018.04.19"]
[SourceQuality "1"]

1. d4 Nf6 2. c4 g6 3. Nc3 Bg7 4. e4 d6 5. Be2 0-0 6. Bg5 Na6 7. Qd2 e5 8. d5 Nc5 9. f3 a6 10. b4 Ncd7 11. Rc1 Qe8 12. Bd3 Nh5 13. Nge2 f5 14. 0-0 f4 15. g4 fxg3 16. hxg3 Rf7 17. Kg2 Qf8 18. Be3 Nhf6 19. Na4 h5 20. Ng1 Nh7 21. c5 Qe7 22. cxd6 cxd6 23. Rc7 Qd8 24. Rfc1 b5 25. Qc2 Rf8 26. Nb6 Nxb6 27. Bxb6 Bd7 28. Qf2 Qe7 29. a4 Qe8 30. axb5 axb5 31. Qe2 Rb8 32. Ba5 g5 33. Ra7 Nf6 34. Rcc7 Rf7 35. Kh2 g4 36. Rab7 gxf3 37. Nxf3 Bh6 38. Bb6 Ng4+ 39. Kg1 Rxb7 40. Rxb7 Qf8 41. Nh4 Qc8 42. Rc7 Qb8 43. Ba5 Be3+ 44. Kg2 1/2-1/2